#1 Hits der 1970er-Jahre in Österreich - Statistiken

Allgemein
  • Dieses Quiz wurde 143 mal gespielt
  • Das Durchschnittsergebnis liegt bei 16 aus 53
Antwortstatistiken
#1's Künstler % Korrekt
2 ABBA
89%
6 Boney M
89%
1 Village People
83%
1 The Beatles
79%
1 Blondie
66%
3 Smokie
58%
1 Harpo
54%
1 Ike & Tina Turner
52%
1 Patrick Hernandez
43%
1 Simon & Garfunkel
43%
2 The Les Humphries Singers
41%
1 Wolfgang Ambros
41%
1 George Harrison
40%
1 Cliff Richard
39%
1 Baccara
38%
1 Gunter Gabriel
35%
1 Mungo Jerry
35%
1 Richard Clayderman
35%
1 Peter Alexander
33%
1 Wings
33%
2 The Sweet
31%
1 Carl Douglas
29%
1 Georg Danzer
29%
1 The Archies
29%
1 John Travolta & Olivia Newton-John
28%
1 Creedence Clearwater Revival
27%
1 The Rubettes
26%
1 Santa Esmeralda / Leroy Gomez
25%
1 Terry Jacks
24%
1 Bellamy Brothers
23%
1 Eruption
23%
1 Donna Summer
22%
1 George McCrae
22%
1 George Baker Selection
21%
1 Lobo
21%
1 Vicky Leandros
21%
1 Danyel Gérard
20%
2 Waterloo & Robinson
20%
1 Wolfgang
18%
1 Billy Swan
17%
1 Bino
16%
1 Penny McLean
16%
1 Frank Zander
14%
1 Miguel Rios
10%
1 Shirley & Company
7%
1 Soulful Dynamics
5%
1 The New Seekers
4%
3 Albert West
3%
1 Adamo
2%
1 Alain Barrière & Noëlle Cordier
2%
1 Pop Tops
2%
1 Chris Montez / Raza
1%
1 Jean-Claude Borelly
1%
Keine übereinstimmenden Quizze gefunden
Verteilung der Resultate
Anzahl Personen mit jedem Resultat
Perzentil nach korrekt beantworteten Fragen
Ihre Resultats-Entwicklung
Sie haben dieses Quiz noch nicht gespielt